| 000 | 00664nam a22002417a 4500 | ||
|---|---|---|---|
| 003 | LK-CoDNM | ||
| 005 | 20241219083058.0 | ||
| 008 | 241218b |||||||| |||| 00| 0 eng d | ||
| 040 |
_aLK-CoDNM _dLK-CoDNM _eLK-CoDNM |
||
| 041 | _aeng | ||
| 080 |
_a2 _bC6 |
||
| 100 | _aClark,Austin Hobart | ||
| 245 | _aA New Unstalked Crinoid From the Philippine island | ||
| 260 |
_agoverment printing office _bwashington _c1911 |
||
| 300 | _a4p. : ill ; 24 cm | ||
| 490 | _aVol 41 | ||
| 650 | _aA New Unstalked Crinoid From the Philippine island | ||
| 650 | _aClark,Austin Hobart | ||
| 650 | _a2 c 6 | ||
| 650 | _a1911 | ||
| 650 | _ascience | ||
| 942 | _cBK | ||
| 999 |
_c233488 _d233488 |
||